Statistics for Philip Seymour Hoffman Filmography

Click here to take the quiz!

General Stats

  • This quiz has been taken 82 times
    (27 since last reset)
  • The average score is 13 of 89

Answer Stats

TypeYearName% Correct
Film2012The Master
76%
Film2014The Hunger Games: Mockingjay - Part 1
71%
Film2015The Hunger Games: Mockingjay - Part 2
71%
Film2005Capote
67%
Film2013The Hunger Games: Catching Fire
67%
Film1999Magnolia
57%
Film1997Boogie Nights
52%
Film2008Doubt
48%
Film1998The Big Lebowski
48%
Film2007Charlie Wilson's War
43%
Film2002Punch-Drunk Love
43%
Film2008Synecdoche, New York
43%
Film1996Hard Eight
38%
Film1996Twister
38%
Film2007Before the Devil Knows You're Dead
29%
Film2006Mission: Impossible III
29%
Film1992Scent of a Woman
29%
Film1999The Talented Mr. Ripley
24%
Film2004Along Came Polly
19%
Film2014A Most Wanted Man
19%
Film1998Happiness
19%
Film2011Moneyball
19%
Film2002Red Dragon
19%
Film2007The Savages
19%
Film2000Almost Famous
14%
Theater2012Death of a Salesman
14%
Film2002Love Liza
14%
Film1998Patch Adams
14%
Film2009The Boat That Rocked
14%
Film1994The Getaway
14%
Film2009The Invention of Lying
14%
Film200225th Hour
10%
Film1999Flawless
10%
TV Show2014HAPPYish
10%
TV Show1991Law & Order
10%
Film2009Mary and Max
10%
Theater2009Othello
10%
Theater2000True West
10%
Film2012A Late Quartet
5%
TV Show2009Arthur
5%
Film2003Cold Mountain
5%
Short Film1998Culture
5%
TV Mini-Series2005Empire Falls
5%
Film2014God's Pocket
5%
Film2010Jack Goes Boating
5%
Theater2007Jack Goes Boating
5%
Film1993Joey Breaker
5%
Film1992Leap of Faith
5%
Documentary Mini-Series1997Liberty! The American Revolution
5%
Theater2003Long Day's Journey into Night
5%
Short Film2003Mattress Man Commercial
5%
Film1993Money for Nothing
5%
Film1998Montana
5%
Film1993My Boyfriend's Back
5%
Film1992My New Gun
5%
Film1998Next Stop Wonderland
5%
Film1994Nobody's Fool
5%
Film2003Owning Mahowny
5%
Film2000State and Main
5%
Film2005Strangers with Candy
5%
Film1992Szuler
5%
Theater1999The Author's Voice & Imagining Brad
5%
Short Film1995The Fifteen Minute Hamlet
5%
Film2011The Ides of March
5%
Documentary2001The Party's Over
5%
Theater2001The Seagull
5%
Theater1996The Skriker
5%
TV Film1994The Yearling
5%
Film1991Triple Bogey on a Par Five Hole
5%
Film1994When a Man Loves a Woman
5%
TV Short2011A Child's Garden of Poetry
0%
Theater2006A Small, Melodramatic Story
0%
Theater2007A View from 151st Street
0%
Short Film2013Back Beyond
0%
Theater1997-1998Defying Gravity
0%
Theater2003Dutch Heart of Man
0%
Theater1991Food and Shelter
0%
Theater2004Guinea Pig Solo
0%
Theater1989Henry IV
0%
Theater1989Mother Courage and Her Children
0%
Documentary2010Restoring a Masterpiece: The Renovation of Eastman Theatre
0%
Theater2004Sailor's Song
0%
Music Video1999Save Me
0%
Theater2006School of the Americas
0%
Theater1998Shopping and F**king
0%
Theater2005Theater of the New Ear
0%
Theater2010The Long Red Road
0%
Music Video1997Try
0%
Theater2008Unconditional
0%

Score Distribution

Percentile by Number Answered

Percent of People with Each Score

Your Score History

You have not taken this quiz since the last reset